000
00268nam a2200133Ia 4500
100
_a
Strelkov/ S.P.
942
_c
BK
654
_a
Mechanics
245
_a
Mechanics
260
_b
Mir Publishers
_a
Moscow
_c
1978
082
_a
531
300
_a
565
546
_a
ENGLISH
999
_c
20037
_d
20037